00425nam a2200193Ia 4500003000900000008004100009040001300050040001300063041000800076100002200084245004400106250001200150260001200162260000900174300001100183300001000194490002100204490000600225IT-RoPAU120407s9999 xx 000 0 und d aIT-RoPAU cIT-RoPAU aita aJohannes B. Bauer aAlle origini dell’ascetismo cristiano aBrescia aPaideia c1983 a106 p. c21 cm aStudi biblici,66 v1